000 01085cad a22001935a 4500
001 E146987
008 090319s2008 xxk d f 000 0 eng d
035 _a(Sirsi) u146987
041 0 _aeng
050 0 4 _a333.3309411 $2 18
110 2 _aSavills Research
_95211
245 0 0 _aScottish residential land report
_bspring 2008
_h[electronic resource]
260 _aLondon
_bSavills Research
_c2008
520 _aSuggests that the Scottish land market will cope better with the current economic downturn that the rest of the UK, as it has performed better in recent years in terms of price growth. The report predicts that Scotland will continue to outperform the rest of the UK in this respect, and that the demand for family housing on the outskirts of towns such as Edinburgh, together with scarcity of sites, will support land values.
651 4 _aScotland
_y1999-
690 _aPROPERTY-RESIDENTIAL PROPERTY-RESIDENTIAL PROPERTY MARKET
856 4 0 _uhttps://www.savills.co.uk/research/Report.aspx?nodeID=9629#
_zView the report free of charge at www.savills.co.uk...
942 _n0
999 _c109380
_d109380